Rig it Right Maya Animation Rigging Concepts (Record no. 2316)

000 -LEADER
fixed length control field 00372nam a2200145Ia 4500
008 - FIXED-LENGTH DATA ELEMENTS--GENERAL INFORMATION
fixed length control field 180802s9999||||xx |||||||||||||| ||und||
020 ## - INTERNATIONAL STANDARD BOOK NUMBER
International Standard Book Number 9780240820798
082 ## - DEWEY DECIMAL CLASSIFICATION NUMBER
Classification number 791.433
Item number OHA/R
100 ## - MAIN ENTRY--PERSONAL NAME
Personal name O'Hailey, Tina
245 #0 - TITLE STATEMENT
Title Rig it Right Maya Animation Rigging Concepts
250 ## - EDITION STATEMENT
Edition statement 1st Edition
260 ## - PUBLICATION, DISTRIBUTION, ETC.
Place of publication, distribution, etc. New yark
Name of publisher, distributor, etc. Focal Press
Date of publication, distribution, etc. 2013
300 ## - PHYSICAL DESCRIPTION
Extent 280p.
942 ## - ADDED ENTRY ELEMENTS (KOHA)
Koha item type Book
Holdings
Withdrawn status Lost status Damaged status Not for loan Collection code Permanent Location Current Location Date acquired Cost, normal purchase price Barcode Date last seen Price effective from Koha item type
        School of Animation (Noida) MUIT-NOIDA MUIT-NOIDA 2018-08-02 3229.00 ANM00338 2018-09-28 2018-08-02 Book

All Rights Reserved@MUIT

Powered by Koha